Ukraińskie Obwody i ich Stolice - Statystyki

Ogólne statystyki
  • Ten quiz został rozwiązany 76 razy
  • Średni wynik to 30 z 51
Odpowiedzi na mapie
Odpowiedzi zakodowano w zielono-czerwonej skali na mapie do tego quizu, zgodnie z poniższymi procentami.
 
Statystyki odpowiedzi
odp % Poprawnych
Kijów
100%
Donieck
95%
Kijowski
95%
Lwów
95%
Charków
90%
Doniecki
90%
Krym (de iure)
90%
Lwowski
90%
Charkowski
86%
Odeski
81%
Odessa
81%
Ługańsk
76%
Sewastopol (de iure)
76%
Zaporoże
71%
Dniepr
67%
Ługański
67%
Mikołajów
67%
Wołyński
67%
Zaporoski
67%
Chmielnicki
62%
Chmielnicki
62%
Iwano-Frankiwsk
62%
Łuck
62%
Chersoń
57%
Sumski
57%
Sumy
57%
Tarnopol
57%
Tarnopolski
57%
Winnica
57%
Winnicki
57%
Zakarpacki
57%
Chersoński
52%
Czerkaski
52%
Żytomierz
52%
Czerkasy
48%
Iwanofrankiwski
48%
Mikołajowski
48%
Żytomierski
48%
Połtawa
43%
Równe
43%
Czernihów
38%
Połtawski
38%
Symferopol (de iure)
38%
Czernihowski
33%
Czerniowiecki
33%
Dniepropetrowski
33%
Rówieński
33%
Użhorod
33%
Czerniowce
29%
Kirowohradzki
24%
Kropywnycki
14%
Nie znaleziono quizów pasujących do podanych kryteriów
Rozkład punktacji
Procent ludzi z każdym wynikiem
Percentyl według liczby udzielonych odpowiedzi
Twoja historia wyników
Nie rozwiązałeś tego quizu